Statistiques concernant 50 personnages de Shadowhunters (TV)

Cliquez ici pour prendre le quiz!

Statistiques générales

  • Ce quiz a été pris 596 fois
  • Le résultat moyen est 22 sur 50

Statistiques - réponses

HintPersonnages% Correct
1Clarissa Fray/Morgenstern
99%
3Alexander Lightwood
99%
2Jace Wayland/Herondale
98%
4Isabelle Lightwood
97%
6Magnus Bane
96%
5Simon Lewis
94%
11Valentin Morgenstern
93%
7Lucian Garroway/Graymark
87%
14Raphaël Santiago
78%
17Max Lightwood
76%
12Jonathan Morgenstern
75%
31Maïa Roberts
74%
13Jocelyn Fray
71%
15Maryse Lightwood
70%
32Camille Belcourt
63%
16Robert Lightwood
60%
29Lilith
60%
24Sebastian Verlac
52%
18Meliorn
48%
19Lydia Branwell
47%
9Dorothea Rollins
45%
28La Reine des Fées
42%
25Imogen Herondale
40%
10Hodge Starkweather
39%
23Victor Aldertree
35%
21Rebecca Lewis
34%
20Elaine Lewis
32%
27Madzie Rousse
32%
39Ragnor Fell
31%
26Heidi McKenzie
28%
8Alaric
28%
47Asmodée
25%
35Maureen Brown
25%
45Dr Iris Rousse
22%
30Frère Jeremiah
21%
42Soeur Cleophas
21%
50Raziel
21%
37Michael Wayland
21%
34Raj
21%
22Samuel Blackwell
19%
33Ollie
18%
48Azazel
16%
49Ithuriel
15%
46Frères Silencieux
14%
40Gretel
13%
36Susanna Vargas
11%
43Soeur Magdalena
9%
44Soeur Dolores
8%
38Ned Fisk
6%
41Taito
6%

Distribution des résultats

Percentile par nombre de réponses

% des personnes avec chaque résultat

Votre développement - résultats

Vous n’avez pas pris ce quiz